000 00695nac a22001811u 4500
020 _a8121917573
082 _a621.3
_bB327
090 _c1013
_d1013
100 _aBasudeva, A S.
245 _aModern engineering physics /
_cA. S. Vasudeva.
260 _aNew Delhi :
_bS Chand & Co.,
_c1998.
300 _a379 p. :
_billus;
_c26 cm.
650 _aPhysics.
650 _aEngineering.
942 _cBB
_k621.3B327
999 _c1013
_d1013